Tourist Attractions in USA - Part I - Statistics

General Stats
  • This quiz has been taken 40 times
  • The average score is 9 of 16
Answer Stats
Picture Answer % Correct
Statue of Liberty
100%
White House
100%
Mount Rushmore
94%
Golden Gate Bridge
91%
Grand Canyon
89%
Times Square
89%
Central Park
71%
Las Vegas Strip
49%
St Louis Arch
37%
Yellowstone National Park
37%
Freedom Trail
34%
Arches National Park
29%
Kennedy Space Center
29%
Yosemite National Park
29%
Glacier National Park
20%
San Antonio River Walk
9%
No matching quizzes found
Score Distribution
Percent of People with Each Score
Percentile by Number Answered
Your Score History
You have not taken this quiz